000 00850nam a2200253Ia 4500
001 53242047
003 OCoLC
005 20150408113723.0
008 031013s2004 nyua 001 0 eng d
015 _aGBA3-U1261
020 _a007223122X
040 _aUKM
_cUKM
_dCIN
082 0 4 _a621.3916
_221
100 1 _aMeyers, Michael,
_d1961-
_94777
245 1 0 _aMike Meyers' A+ guide to PC hardware lab manual /
_cMichael Meyers, Lloyd Jeffries.
246 3 0 _aA+ guide to PC hardware lab manual.
246 3 0 _aPC hardware lab manual.
260 _aNew York
_bMcGraw-Hill Technology Education,
_cc2004.
300 _axv, 267 p.
_bill. ;
_c28 cm.
650 _xMaintenance and repair
_vLaboratory manuals. 0
_2Microcomputers
_94784
650 _aComputer technicians
_xCertification.1
_94785
700 _aJeffries, Lloyd
_94786
942 _2ddc
_cDVD
999 _c783
_d235283